Chapter 2: Theories of Economic Development

Cieľom kapitoly je poskytnúť komplexný prehľad kľúčových ekonomických teórií súvisiacich s ekonomickým rozvojom, ktoré formovali politiky v priebehu storočí, a kriticky posúdiť ich relevantnosť v súčasných ekonomických podmienkach.

Na minha lista:
Detalhes bibliográficos
Autor principal: Čaplánová, Anetta, 1967-
Formato: Capítulo de Livro
Idioma:inglês
Assuntos:
Tags: Adicionar Tag
Sem tags, seja o primeiro a adicionar uma tag!

MARC

LEADER 00000naa$a2200000$$$4500
001 0304199
005 20241007084703.3
041 0 |a eng 
044 |a HU 
245 1 0 |a Chapter 2: Theories of Economic Development  |c Anetta Čaplánová 
520 |a Cieľom kapitoly je poskytnúť komplexný prehľad kľúčových ekonomických teórií súvisiacich s ekonomickým rozvojom, ktoré formovali politiky v priebehu storočí, a kriticky posúdiť ich relevantnosť v súčasných ekonomických podmienkach. 
610 2 0 |a teórie ekonomické 
610 2 0 |a rozvoj hospodársky 
610 2 0 |a rast hospodársky 
100 1 |a Čaplánová, Anetta, 1967-